Statistiques concernant Harry Potter: Gringotts

Cliquez ici pour prendre le quiz!

Statistiques générales

  • Ce quiz a été pris 111 fois
  • Le résultat moyen est 12 sur 20

Statistiques - réponses

InformationRéponse% Correct
Première apparitionHarry Potter à l'école des sorciers
100%
Derniere apparitionHarry Potter et les Reliques de la Mort
100%
FonctionBanque
98%
NationAngleterre
95%
PaysRoyaume-Uni
95%
EmplacementChemin de Traverse
92%
VilleLondres
92%
EmployéGripsec
75%
EmployésGobelins
65%
De sa cupidité, le prix devraPayer
55%
Entre ici étranger si tel est tonDésir
54%
EmployéBill Weasley
46%
EmployéeFleur Delacour
45%
D'un trésor convoité qui jamais ne futTien
37%
EmployéBogrod
35%
Le juste châtiment de ta folleHardiesse
29%
Mais à l'appât du gain, renonce àObéir
23%
Car celui qui veut prendre et ne veut pasGagner
22%
Si tu veux t'emparer, en ce lieuSouterrain
22%
Voleur tu trouveras, en guise deRichesse
20%

Distribution des résultats

Percentile par nombre de réponses

% des personnes avec chaque résultat

Votre développement - résultats

Vous n’avez pas pris ce quiz